[Event "Bled/Rogaska Slatina"]
[Site "Bled"]
[Date "1991.??.??"]
[Round "5"]
[White "Mohr, Georg"]
[Black "Grosar, Aljosa"]
[Result "1-0"]
[WhiteElo "2465"]
[BlackElo "2370"]
[Annotator "Ribli,Z"]
[PlyCount "159"]
[EventDate "1991.06.??"]
[EventType "tourn"]
[EventRounds "13"]
[EventCountry "SLO"]
[EventCategory "12"]
[SourceTitle "CBM 024"]
[Source "ChessBase"]
[SourceDate "1991.10.01"]
[SourceVersion "1"]
[SourceVersionDate "1991.10.01"]
[SourceQuality "1"]

1. Nf3 Nf6 2. c4 c5 3. g3 d5 4. cxd5 Nxd5 5. Bg2 Nc6 6. Nc3 g6 7. O-O Bg7 8.
Nxd5 Qxd5 9. d3 O-O 10. Be3 Bd7 11. Nd4 Qd6 12. Nxc6 Bxc6 13. Bxc6 Qxc6 14. Rc1
Qe6 15. b3 $5 {N} (15. Qa4 b6 16. b3 Rfd8 17. Qc4 $10 {Klinger,J-Wojtkiewicz,A
Biel op 1990 EXP/19}) 15... b6 16. Rc4 Rfd8 17. Re4 Qf6 18. Qc1 $1 Rd7 (18...
Qd6 $5) 19. b4 $1 cxb4 20. Rxb4 Qe6 21. Qc2 Rad8 22. Re4 Qf5 23. Rc1 Bf6 24.
Kg2 Rd5 (24... h5 $5) 25. Rc4 Qe6 26. Rc6 R5d6 27. Rxd6 Rxd6 28. Qc7 h5 (28...
a5 29. Qb8+ Kg7 30. Rc8 $18) 29. Qxa7 h4 30. Qa8+ Kh7 31. Kg1 Rd5 32. Qc6 Rd6
33. Qc4 Qxc4 34. Rxc4 b5 35. Rc2 Re6 36. Kg2 Ra6 37. Bd2 hxg3 38. hxg3 Ra4 39.
Kf3 Kg7 40. Be3 Bd4 41. Bd2 e6 42. Bf4 b4 43. Bd6 Kf6 44. Bf4 Bc3 45. Bd2 Bxd2
46. Rxd2 g5 47. Ke3 Ke5 48. Rc2 Ra3 49. Rb2 f5 50. f4+ gxf4+ 51. gxf4+ Kd5 52.
Rxb4 Rxa2 53. Rd4+ Kc5 54. Rd8 Ra4 55. Kf3 Kc6 56. Ke3 Kc5 57. d4+ Kc6 58. d5+
exd5 59. Rf8 Re4+ 60. Kf3 Kd6 61. Rxf5 Ke6 62. Rh5 Rd4 63. Re5+ Kf6 64. e3 Rd2
65. Rg5 Ke6 66. Rg6+ Kf7 67. Ra6 Ke7 68. f5 Rh2 69. Re6+ Kf7 70. Rd6 Rd2 71.
Kf4 Rf2+ 72. Ke5 Rf3 73. Rd7+ Kg8 74. Kf6 Rxe3 75. Rd8+ Kh7 76. Kf7 Ra3 77. f6
Ra7+ 78. Ke6 Ra6+ 79. Kf5 Ra7 80. Re8 1-0

[Event "UKR-ch 73rd"]
[Site "Kharkov"]
[Date "2004.08.24"]
[Round "1.1"]
[White "Eingorn, Vereslav S"]
[Black "Shishkin, Vadim"]
[Result "0-1"]
[WhiteElo "2596"]
[BlackElo "2463"]
[Annotator "Ribli,Z"]
[PlyCount "120"]
[EventDate "2004.08.03"]
[EventType "k.o."]
[EventRounds "5"]
[EventCountry "UKR"]
[SourceTitle "CBM 103"]
[Source "ChessBase"]
[SourceDate "2004.11.11"]
[SourceVersion "1"]
[SourceVersionDate "2004.11.11"]
[SourceQuality "1"]

1. Nf3 {Marin,M} Nf6 2. c4 g6 3. b3 {In dieser Nebenvariante möchte Weiss den
Wirkungskreis des schwarzen Fianchettoläufers neutralisieren.} Bg7 4. Bb2 O-O
5. g3 d6 (5... d5) 6. Bg2 e5 7. O-O c5 {Damit schwächt Schwarz zwar das Feld
d5, hält dafür aber das Feld d4 unter Kontrolle.} (7... Nc6) 8. Nc3 Nc6 9. d3
Ne8 {Schwarz öffnet die Läuferdiagonale (z.B. geht 10.Nd5? nicht wegen 10...e4)
und bereitet gleichzeitig f7-f5 vor.} 10. Qd2 (10. Ne1 Nc7 11. Nc2 Be6 (11...
Bd7 12. Ne3 Rb8 13. Ned5 Nxd5 14. Nxd5 b5 15. Bc3 Be6 16. Qd2 Qd7 17. e3 Ne7 {
Cvitan,O-Kasparov,G/ Munich 1994/ 1-0 (44)}) 12. Ne3 Rb8 13. Ned5 Ne7 14. Qd2
a6 15. f4 f5 16. fxe5 dxe5 17. e4 Nc6 18. exf5 gxf5 19. Rae1 Kh8 20. Nxc7 Qxc7
21. Bxc6 bxc6 22. Na4 {1-0 Spraggett,K-D'El Rey,D/Algarve 1997/EXT 98 (51)}) (
10. e3 Nc7 11. Qd2 Ne6 12. Rad1 f5 13. Ne2 g5 14. d4 g4 15. Nxe5 Nxe5 16. dxe5
dxe5 17. Qxd8 Rxd8 18. Bd5 {1-0 Blatny,P-Michalek,J/Czechia 1994/TD (30)}) (10.
Nd5 $2 e4 11. Bxg7 exf3 12. Bxf8 fxg2 $17) 10... Nc7 11. Ne1 (11. Rad1 Rb8 12.
Qc1 h6 13. e3 f5 14. Ne2 Kh7 15. Ne1 Qe7 16. Nc2 Bd7 17. Rfe1 b5 18. Qa1 Qf7
19. f4 Rfe8 20. Nc3 exf4 21. gxf4 {Blatny,P-Stohl,I/ Brno 1994/ 1-0 (51)})
11... f5 {[%csl Yd5] Das Feld d5 ist ein ewiges "positionelles Loch" in der
schwarzen Stellung.} 12. Nd5 (12. Nc2 $5 Be6 13. Nd5) 12... Nxd5 13. Bxd5+ (13.
cxd5 Ne7 $11) 13... Kh8 14. f4 $1 $14 {Nach diesem starkem Zug kontrolliert
Weiss das Feld e5, ausserdem möchte er seinen Läufer b2 aktivieren.} Qe7 (14...
exf4 $6 15. gxf4 Bxb2 16. Qxb2+ Qf6 17. Qxf6+ Rxf6 18. Kf2 $14) 15. Nc2 Bd7 16.
e3 a5 {Da Weiss früher oder später b3-b4 spielt, möchte Schwarz eine feste
Verteidigungsstellung aufbauen.} 17. a3 b6 18. Rae1 (18. b4) 18... Rae8 19. b4
{Die aktive Figurenstellung gibt Weiss einen kleinen Stellungsvorteil.} exf4 (
19... Qd8 $14) 20. exf4 (20. Bxg7+ Qxg7 21. exf4 (21. gxf4 Ne7 22. Bg2 axb4 23.
axb4 Bc6 $11) 21... axb4 22. axb4 Nd4 $11) 20... Qd8 21. Bc3 ({Die Variante} 
21. Bxg7+ Kxg7 22. b5 Ne7 (22... Nd4 23. Nxd4 cxd4 24. Qb2 Qf6 25. Bc6 Rxe1 26.
Rxe1 Be6 27. Qe2 $16) 23. Qc3+ Kh6 24. Bf3 Ng8 $14 {führt zu einer ähnlichen
Stellung wie die Partiefortsetzung.}) 21... axb4 22. axb4 Ne7 23. Bxg7+ Kxg7
24. Qc3+ Kh6 {Die schwarze Königsstellung auf h6 ist etwas sonderbar, was
Weiss aber nicht ausnutzen kann.} 25. Bf3 Ng8 {[%cal Gg8f6][%mdl 256] Schwarz
verteidigt sich gut, der Springer strebt nach f6.} 26. Ne3 (26. Ra1 Qf6 $14)
26... Qf6 27. Qxf6 (27. Qd2 Qd4 28. Kg2 Kg7 $14) 27... Nxf6 28. b5 Rd8 29. Nd5
(29. Ra1 $1 $14 {[%cal Ga1a7]}) 29... Nxd5 30. Bxd5 Rfe8 31. Rxe8 Rxe8 32. Ra1
{[%csl Ga1][%cal Ga1a8][%mdl 4096]} Be6 (32... Re3 $2 33. Ra7 Be8 34. Rb7 Rxd3
35. Rxb6 $18) 33. Bf3 (33. Bxe6 Rxe6 34. Ra6 d5 35. cxd5 Rd6 $11) (33. Bc6 $1)
33... Bg8 34. Kf2 {Marin,M: 'White has all the reasons to hope for a win. All
his pieces are more active than their black colleagues. Besides, the b6-pawn
is hopelessly weak.' Marin,M: 'Weiß hat allen Grund, auf Sieg zu hoffen. Alle
seine Figuren stehen besser als ihre schwarzen Kollegen. Außerdem ist der
Bauer b6 hoffnungslos schwach.'} d5 {Marin,M: 'Black hopes to activate or at
least exchange his passive bishop and to exchange some pawns as well, in order
to get some drawing chances.' Marin,M: 'Schwarz hofft, seinen passiven Läufer
zu aktivieren oder zumindest zu tauschen, um Remischancen zu erhalten.'} 35. d4
{'?' Marin,M. Marin,M: 'A surprising mistake from such a technical player like
Eingorn. He apparently was seduced by the possibility of winning a pawn.
Another possible idea might have been to give the game a different course than
expected by his opponent.' Marin,M: 'Ein überraschender Fehler von einem
Techniker wie Eingorn. Er ließ sich wahrscheinlich von der Möglichkeit locken,
einen Bauern zu gewinnen. Eine andere Idee wäre es gewesen, der Partie einen
anderen Verlauf zu geben, als von seinem Gegner erwartet.'} ({The simpler Das
einfachere} 35. Bxd5 {Marin,M} Bxd5 36. cxd5 {would have been better, for
instance wäre besser gewesen, zum Beispiel} Rd8 37. Ra7 Rxd5 38. Ke3 Rd6 39.
Rb7 ({The general plan involves the transfer of the rook to c6, but the
hurried Der allgemeine Plan sieht die Überführung des Turmes nach c6 vor, aber
das übereilte} 39. Rc7 Re6+ 40. Kd2 Re8 41. Rc6 {might be a bit premature,
since it would allow some liberty for the black king: wäre ein wenig voreilig,
da dies dem schwarzen König etwas Bewegungsfreiheit einräumen würde.} Rb8 42.
Kc3 Kh5 43. h3 g5 44. Rf6 gxf4 45. Rxf5+ Kg6 46. Rxf4 Ra8 47. d4 Ra3+ 48. Kc4
cxd4 49. Rg4+ Kf6 50. Kxd4 Rb3 51. Kc4 Re3 $132 52. Kd5 Rc3 $1 53. Rc4 Rxg3)
39... Re6+ 40. Kd2 {[%cal Yd2c3,Yc3c4,Yc4d5,Yd5c6,Yc6b6,Rb7c7,Rc7c6]} Rf6 41.
Kc3 Rd6 42. Rc7 {[%cal Rc7c6] Now, this move is well timed. Jetzt ist der
Zeitpunkt für diesen Zug goldrichtig.} Rd8 (42... Re6 43. Rc6 Re2 44. Rxb6 Rxh2
45. Rc6 Rh1 46. Rxc5 Kh5 {[%cal Rh5g4,Rg4g3]} 47. Kb2 $1 $18 {[%csl Rb1][%cal
Rb5b8,Rd3d8]}) 43. Rc6 Rb8 44. h3 $5 {[%csl Rg4,Rh4]} (44. Kc4 Kh5 {[%cal
Rh5g4,Rg4h3,Rh3h2,Rh2g3]} 45. h3 {[%csl Rg4,Rh4]} g5 $5 46. Rf6 gxf4 47. Rxf5+
Kg6 48. Rxf4 Ra8 $132) 44... Kg7 (44... Kh5 45. Rf6 {[%csl Rf5]} Rb7 46. Kc4
Rb8 47. Kd5 Rd8+ 48. Rd6 $18 {[%cal Rd5c6]}) (44... Rb7 45. d4 cxd4+ 46. Kxd4 {
[%cal Yc6d6,Rd4d5,Rd5c6]}) 45. d4 cxd4+ 46. Kxd4 Kf7 47. Kd5 $18 {[%csl Rb6]})
35... cxd4 36. cxd5 Kg7 37. Rd1 Kf6 38. Rxd4 Rd8 39. d6 Ke6 40. Bd5+ Kd7 41.
Bc6+ Ke6 42. d7 Ke7 43. g4 {'!?' Marin,M.} Be6 {'!' Marin,M.} (43... fxg4 $2 {
[%csl Re4] Marin,M} 44. Re4+ Kd6 45. Re8 Kc7 46. Kg3 h5 47. Kh4 $18) 44. g5
Bxd7 {'=' Marin,M.} 45. Rc4 {'??' Marin,M.} (45. Bxd7 {Marin,M} Rxd7 46. Rxd7+
Kxd7 47. Ke3 Kd6 48. Kd4 Ke6 $11 {[%csl Rc5,Rd5,Re5]}) 45... Rc8 {'-/+!' Marin,
M.} (45... Bxc6 {Marin,M} 46. Rxc6 Rd6 $11) 46. Bd5 {'?' Marin,M.} (46. Ke3 {
Marin,M} Bxc6 47. bxc6 Kd6 $17) 46... Rxc4 47. Bxc4 Be6 48. Be2 Kd6 {'-+'
Marin,M.} 49. Ke3 Kc5 50. h4 Bc4 51. Bf3 Bxb5 52. h5 Bc4 53. h6 {Marin,M: 'The
huge advantage of space on the kingside doesn't help White in any way, since
the bishop will not be allowed to attack the h7- or g6-pawns.' Marin,M: 'Der
gewaltige Raumvorteil am Königsflügel nützt Weiß überhaupt nichts, da der
Angriff des Läufers auf die Bauern h7 oder g6 nicht zugelassen wird.'} Bd5 54.
Bd1 (54. Bh5 {Marin,M} gxh5 55. g6 Bg8 $19) 54... b5 55. Kd3 Bc4+ 56. Ke3 b4
57. Ba4 b3 58. Kd2 Kd4 59. Be8 {Marin,M: 'Finally, the bishop becomes active,
but it is too late already.' Marin,M: 'Endlich wird der Läufer aktiv, aber es
ist schon zu spät.'} Bd3 60. Kc1 {Marin,M} (60. Bxg6 {Marin,M} b2 $19) 60...
Kc3 $19 0-1

[Event "Abu Dhabi op 14th"]
[Site "Abu Dhabi"]
[Date "2004.08.21"]
[Round "7"]
[White "Anastasian, Ashot"]
[Black "Ghaem Maghami, Ehsan"]
[Result "1/2-1/2"]
[WhiteElo "2571"]
[BlackElo "2552"]
[Annotator "Ribli,Z"]
[PlyCount "138"]
[EventDate "2004.08.14"]
[EventType "swiss"]
[EventRounds "9"]
[EventCountry "UAE"]
[SourceTitle "CBM 103"]
[Source "ChessBase"]
[SourceDate "2004.11.11"]
[SourceVersion "1"]
[SourceVersionDate "2004.11.11"]
[SourceQuality "1"]

1. c4 Nf6 2. Nf3 c5 3. Nc3 g6 4. g3 {Ein genügsamer Zug.} ({Die prinzipielle
Fortsetzung wäre} 4. d4 cxd4 (4... Bg7 5. d5) 5. Nxd4 Bg7 6. e4) 4... Nc6 5.
Bg2 d6 6. O-O Bg7 7. a3 {Weiss bereitet b2-b4 vor.} ({Die Hauptalternative ist
} 7. d4) 7... O-O 8. Rb1 Bg4 (8... Bf5 9. d3 Qd7 10. b4 Rac8 11. Nd5 Nxd5 12.
cxd5 Nd4 13. bxc5 dxc5 14. Nh4 b6 15. Nxf5 Nxf5 16. Bb2 Rcd8 17. Bxg7 Kxg7 18.
a4 e6 19. dxe6 Qxe6 {0-1 Sahu,S-Prasad,D/Mumbai IND 2004/(42)}) 9. d3 (9. h3
Bf5 (9... Bxf3 10. Bxf3 Ne5 11. Bxb7 Rb8 12. Bg2 Nxc4 13. Qa4 Nb6 14. Qa5 Qd7
15. d3 Rfc8 16. Be3 {Ianov,V-Saskowski,J/ Legnica 1995/ 1-0 (88)}) 10. d3 Qd7
11. Kh2 e5 12. Ng5 (12. b4 e4 13. Nh4 cxb4 14. axb4 exd3 15. exd3 Be6 16. b5
Ne7 17. Na4 {Szmetan,J-Malpassi/ San Luis 1992/ 1-0 (39)}) 12... h6 13. Nge4
Nxe4 14. Nxe4 Kh7 15. b4 cxb4 16. axb4 b5 {1/2-1/2 Savon,V-Gulko,B/Moscow 1982/
MCD (33)}) (9. b4) 9... Qd7 10. b4 Nd4 11. e3 (11. Nxd4 cxd4 12. Ne4 Nxe4 13.
Bxe4 Bh3 14. Re1 f5 15. Bf3 h6 16. a4 g5 17. a5 g4 18. Bh1 e5 {1/2-1/2 Leitner,
M-Dausch,R/Germany 1984/GER-chT (34)}) (11. Nd2 Bh3 $11) 11... Bxf3 12. Bxf3
Nxf3+ 13. Qxf3 $11 {Weiss kontrolliert mehr Raum, er hat aber bei dieser
symmetrischen Bauernstruktur keinen Eröffnungsvorteil.} Rab8 14. Bb2 Rfd8 (
14... Ng4 $11) 15. bxc5 dxc5 16. Rfd1 {Diese Bauernstruktur ist sehr typisch
für die Englische Eröffnung - Weiss hat die halboffene b-Linie zur Verfügung,
er kann dort die Türme verdoppeln und mit a4-a5 fortsetzen. Schwarz hingegen
wird versuchen, den Pd3 unter Druck zu setzen.} h5 17. Kg2 (17. Ne4 Nxe4 18.
Qxe4 (18. dxe4 Qc7 $11) 18... Bxb2 19. Rxb2 $11) 17... Ng4 {[%cal Gg4e5,Ge5f3]}
18. Nd5 e6 19. Nf6+ (19. Nf4 Bxb2 20. Rxb2 Ne5 21. Qe4 Qc7 $11) 19... Nxf6 20.
Bxf6 Bxf6 21. Qxf6 Qa4 (21... Qc6+ $11) 22. h3 Qc6+ (22... Qxa3 23. Rxb7 Rxb7
24. Qxd8+ Kg7 25. Qd6 $14) 23. Qf3 Qxf3+ 24. Kxf3 {[%mdl 4096] Die weisse
Stellung ist aktiver, aber mit vier Türmen auf dem Brett ist der Remisfaktor
sehr hoch.} Rd7 25. Rb5 Rc8 26. a4 $14 {[%csl Gb5][%cal Ga4a5] Weiss hat dank
seiner Aktivität einen kleinen Endspielvorteil.} Kf8 27. g4 hxg4+ 28. hxg4 g5
$1 {Sonst gewinnt Weiss mit 29.g5 Raum am Königsflügel.} 29. a5 Ke7 30. Ke4
Rcc7 31. Rh1 {[%cal Gh1h8,Gh8a8]} Rd8 32. Rh6 Rg8 33. f4 gxf4 34. Kxf4 Rd8 35.
Rb3 (35. Ke4 Rg8) 35... Rcd7 36. g5 (36. Ke4 Rg8) 36... Kd6 (36... Rxd3 $6 37.
Rxb7+ R3d7 38. Rxd7+ Rxd7 39. Rh8 $16) 37. Rh7 Rg8 (37... Kc6 $14) 38. Rh6 Ke7
39. Rb5 Kd6 40. Rh5 Rc7 41. Rb2 f6 $1 {[%mdl 256] So kann Schwarz seine
Stellung befreien.} 42. gxf6 Rg6 43. Ke4 (43. d4 Rxf6+ 44. Ke4 Rff7 $11) 43...
Rg4+ 44. Kf3 Rg6 45. Rg2 Rxf6+ $11 46. Ke4 Rcf7 47. Rg8 {Trotzdem dass Weiss
eine aktive Stellung hat, kann er keine weiteren Fortschritte machen.} Rd7 48.
Rg3 Rc7 49. Rh4 Rcf7 50. Rhh3 Rd7 51. Rh8 Rdf7 {Mit einfachen Wartezügen hält
Schwarz das Gleichgewicht.} 52. Rd8+ Kc7 (52... Rd7 $2 53. Rxd7+ Kxd7 54. Rg7+
Kc6 55. Re7 $16) 53. Rdg8 Kd6 54. R3g7 Rf5 {Droht 55...R e5#.} 55. Rd8+ Kc7 56.
Rxf7+ Rxf7 57. Re8 Kd6 58. Ra8 Kc7 59. d4 (59. Rxa7 $4 Kb8 $19) (59. Ke5 Rf3
60. e4 (60. Ke4 Rf7) 60... Rxd3 61. Kxe6 Rd4 62. e5 Rxc4 63. Kd5 $11) 59...
cxd4 60. exd4 Rf1 {[%csl Gf1][%cal Gf1a1] Mit dem aktiven Turm auf der erste
Reihe kann Schwarz das Remis leicht halten.} 61. c5 (61. Rxa7 $4 {wäre
natürlich wegen} Kb8 $19 {ein grober Fehler.}) 61... Re1+ 62. Kd3 Rd1+ 63. Ke4
(63. Kc4 Rc1+ $11) 63... Re1+ 64. Kf4 Rd1 65. Ke5 Re1+ 66. Kf6 Re4 67. a6 bxa6
(67... Rxd4 68. Rxa7 Ra4 69. Rxb7+ Kc6 $11) 68. Rxa7+ Kc8 69. Rxa6 Rxd4 1/2-1/2

[Event "Olympiad-29"]
[Site "Novi Sad"]
[Date "1990.11.25"]
[Round "8"]
[White "Johansen, Darryl Keith"]
[Black "Renet, Olivier"]
[Result "1-0"]
[WhiteElo "2445"]
[BlackElo "2495"]
[Annotator "Rogers,I"]
[PlyCount "71"]
[EventDate "1990.11.17"]
[EventType "team-swiss"]
[EventRounds "14"]
[EventCountry "YUG"]
[SourceTitle "TD"]
[Source "ChessBase"]
[SourceDate "1994.03.01"]
[SourceVersion "1"]
[SourceVersionDate "1994.03.01"]
[SourceQuality "1"]
[WhiteTeam "Australia"]
[BlackTeam "France"]
[WhiteTeamCountry "AUS"]
[BlackTeamCountry "FRA"]

1. c4 c5 2. Nc3 Nc6 3. Nf3 Nf6 4. g3 g6 5. Bg2 Bg7 6. d4 cxd4 7. Nxd4 O-O 8.
Nc2 $5 d6 9. O-O Nd7 $6 ({White's knight retreat has given Black the chance to
develop freely with} 9... Be6 {but Renet prefers a knight manoeuvre which is
effective in a Dragon Sicilan but misguided when White has not committed his
pawn to e4.}) 10. Bd2 Nc5 11. Rc1 Re8 12. b4 Nd7 13. a3 Nb6 14. Ne3 e6 {
Given time to develop his pieces, Black's 'hedgehog' formation could provide a
resilient defensive shield but Johansen strikes quickly and shows that Black
has wasted too much time with his early knight manoeuvres.} 15. c5 $1 dxc5 16.
bxc5 Nd7 17. Nb5 Rf8 18. Nc4 $1 Nxc5 19. Ncd6 $1 a6 20. Be3 $1 axb5 21. Bxc5
Qa5 22. Nxb7 $3 {Beginning a well calculated forcing sequence which wins
material.} Bxb7 23. Bxf8 Rxf8 24. Bxc6 Bxc6 25. Rxc6 Qxa3 26. Qc1 $1 Bb2 27.
Qc5 b4 $2 {Black had to exchange queens before ...b4 and hope to survive a
painful endgame. With queens on the board White can win with a direct attack.}
28. Rd1 Qa8 29. Qc4 Bc3 30. Rd7 Qa1+ 31. Kg2 Qb1 32. e4 $1 Qe1 33. Rc8 $1 Rxc8
34. Qxc8+ Kg7 35. Qb7 Kg8 36. Rxf7 {Johansen's stand-out game on the way to a
Grandmaster result at the Novi Sad Olympiad.} 1-0